000 00420nam a22001817a 4500
003 MPLRDC
005 20220104113641.0
008 210129b ||||| |||| 00| 0 eng d
020 _a983-405-419-X
082 _a868.71 AW-34
100 _a爱薇
245 _a爷爷的故乡
_c
250 _a增订版
260 _a
_b方正出版社
_c2007
300 _b
650 _a马华文学
942 _cBK
_o868.71 AW-34
999 _c1289
_d1279